000 01244cam a22003011i 4500
003 SA-RiAUC
005 20250917123224.0
008 250913s1989 ku a g 00000 ara c
040 _aSA-MaUQU
_bara
_cSA-RiAUC
_erda
043 _aawgz---
050 4 _b. S356T3 1989
082 0 4 _a956.904
_qSA-RiAUC
090 _a956.904
_bص ا ل
100 1 _aصالح، محسن محمد،
_d1960-
_eمؤلف.
245 1 2 _aالتيار الإسلامي في فلسطين وأثره في حركة الجهاد 1917-1948 /
_cتأليف محسن محمد صالح.
250 _aالطبعة الثانية.
264 1 _aالكويت :
_bمكتبه الفلاح،
_c1989
300 _a533 صفحة :
_bإيضاحيات ؛
_c24 سم
336 _aنص
_btxt
_2rdacontent
_3كتاب
337 _aبدون وسيط
_bn
_2rdamedia
338 _aمجلد
_bnc
_2rdacarrier
650 7 _aالمقاومة الفلسطينية
_2aucsh
650 7 _aالنزاع العربي الإسرائيلي
_2aucsh
650 7 _aالأصولية الإسلامية
_zفلسطين
_2aucsh
650 7 _aالإسلام
_xحركات الإحياء والإصلاح والتجديد
_2aucsh
942 _2ddc
_cBOOK
_n0
949 _aSA-JeALM
_d250913
_umohamedma123
_n1
999 _c11850
_d11850